Handbook of package materials /

Bibliographic Details
Main Author: Sacharow, Stanley
Format: Book
Language:English
Published: Westport, Conn. : Avi Pub. Co., [1976]
Subjects:

MARC

Tag First Indicator Second Indicator Subfields
LEADER 00000cam a2200000 i 4500
001 in00000213909
005 20151009060539.0
008 761220s1976 ctua b 00110 eng
010 |a  76027465  
020 |a 0870552074 
035 |a (OCoLC)02694917 
035 |9 AAX3877AM 
040 |a DLC  |c DLC  |d TXA  |d UtOrBLW 
049 |a TXAM  |c [1189362] 
050 0 0 |a TS195  |b .S2 
082 0 |a 621.7/57 
100 1 |a Sacharow, Stanley. 
245 1 0 |a Handbook of package materials /  |c by Stanley Sacharow. 
264 1 |a Westport, Conn. :  |b Avi Pub. Co.,  |c [1976] 
264 4 |c ©1976 
300 |a xi, 243 pages :  |b illustrations ;  |c 24 cm. 
336 |a text  |b txt  |2 rdacontent 
337 |a unmediated  |b n  |2 rdamedia 
338 |a volume  |b nc  |2 rdacarrier 
504 |a Includes bibliographies and index. 
650 0 |a Packaging. 
999 |a MARS 
999 f f |s 1811bd38-2137-3856-a5f6-872445831541  |i 5cb64e73-42dd-3af7-a3c1-77fbc4f34a98  |t 0 
952 f f |p ric  |a Texas A&M University  |b Rellis Campus  |c Joint Library Facility  |d Remote Storage  |t 0  |e TS195 .S2  |h Library of Congress classification  |i unmediated -- volume  |m A14805641599 
998 f f |a TS195 .S2  |t 0  |l Remote Storage